00311nam a2200121Ia 4500008004100000082001500041100001800056245003000074250000800104260006000112300000900172650000800181191201s2009 xx 000 0 und d a658.3bSEH aSEETHARAMAN,S 0aHuman Resource Management a1st aChennaibScitech Publication Chennai and Hadrabadc2009 aMISC aBBA